Trinidad and Tobago City Quiz - Statistics

General Stats
  • This quiz has been taken 31 times
  • The average score is 3 of 6
Answer Stats
City % Correct
Port-of-Spain
100%
San Fernando
59%
Chaguanas
55%
Arima
50%
Point Fortin
32%
Sangre Grande
23%
No matching quizzes found
Score Distribution
Percent of People with Each Score
Percentile by Number Answered
Your Score History
You have not taken this quiz